Các yếu tố ảnh hưởng đến ý định mua bảo hiểm xã hội tự nguyện của người dân tại Thành phố Hồ Chí Minh : Luận văn thạc sĩ - Chuyên ngành: Quản trị kinh doanh

Spremljeno u:
Bibliografski detalji
Glavni autor: Lê, Thị Thanh Hoa
Format: Luận văn
Jezik:Undetermined
Izdano: Đại học Công nghiệp TP. Hồ Chí Minh 2022
Teme:
Online pristup:https://opac.iuh.edu.vn/TraCuuTaiLieuSo2XemChiTiet.aspx?Id=120055
Oznake: Dodaj oznaku
Bez oznaka, Budi prvi tko označuje ovaj zapis!
Thư viện lưu trữ: Trung tâm Thư viện - Trường Đại học Công nghiệp TP. Hồ Chí Minh
LEADER 00862nam a2200169Ia 4500
001 UIH_02376
008 230809s9999 xx 000 0 und d
082 |a 658.384 
100 |a Lê, Thị Thanh Hoa 
245 0 |a Các yếu tố ảnh hưởng đến ý định mua bảo hiểm xã hội tự nguyện của người dân tại Thành phố Hồ Chí Minh : Luận văn thạc sĩ - Chuyên ngành: Quản trị kinh doanh 
245 0 |c Lê, Thị Thanh Hoa 
260 |b Đại học Công nghiệp TP. Hồ Chí Minh 
260 |c 2022 
650 |a Quản trị kinh doanh;Nghiên cứu người tiêu dùng; 
856 |u https://opac.iuh.edu.vn/TraCuuTaiLieuSo2XemChiTiet.aspx?Id=120055 
927 |a Luận văn 
980 |a Trung tâm Thư viện - Trường Đại học Công nghiệp TP. Hồ Chí Minh